00565 2200205 4500001002100000005001700021008004100038020001800079035002500097090001600122100002000138245003300158250001000191260004000201300003000241650004200271850001200313990001700325990001700342YOGYA-0211000000366320150223173331.0 ind  a979-9251-78-8 a0010-021100000003663 aR 810 Ene B aENESTE, Pamusuk aBuku pintar sastra Indonesia aEd. 3 aJakartabPenerbit Buku Kompasc2001 axx, 290 hlm.;lamp.;23 cm. aKesusasteraan Indonesia - buku pintar aYOPDYOG a2697-pd/p.04 a2698-pd/p.04